| 000 | 00382nam a2200169Ia 4500 | ||
|---|---|---|---|
| 003 | 0STCL | ||
| 008 | 150530s9999 xx 000 0 und d | ||
| 040 |
_aSTCL _cSTCL |
||
| 100 | _aParamanadh Prabhakar | ||
| 245 | _aSanskrit - Sikshan Ki Aadhunik Vidhiyam | ||
| 260 | _c2011 | ||
| 300 | _a0 | ||
| 546 | _aHindi | ||
| 942 |
_2ddc _cBK |
||
| 999 |
_c17623 _d17623 |
||
| 005 | 20220125165812.0 | ||